00883nam a22002417a 450000500170000001000130001702000230003003500130005303700160006604000120008208200310009410000250012524500690015026000450021927000470026430000330031150000200034465000540036465000460041894200300046499900190049495201280051320170124110201.0 aB-061361 c175.00a8120317416 aB-061361 bCen Lib/Ret aDPLbEN a001.422 bSAR aSarma, K.V.S.992182 aStatistics made simple :cby K.V.S.Sarmabdo it yourself on PC / aNew DelhibPrentice Hall of India c2002 aM-97, Connaught Circus bNew Delhie110001 axiii,257p. :c22cm(Hb)bill. aIncludes index  aMathematical statistics -- Data processing992183 aProblem solving -- Data processing992184 2ddccENh001.422 mSAR c132943d132943 00104070aLbLd2015-07-24eCen Lib/Retg175.00l0o001.422 SARpB-061361r2015-07-24 00:00:00t1v175.00w2015-07-24yEN